书目信息 |
| 题名: |
赵小兰
|
|
| 作者: | 张克荣 编著 | |
| 分册: | ||
| 出版信息: | 北京 现代出版社 2005.08 |
|
| 页数: | 190页, [2] 叶图版 | |
| 开本: | 24cm | |
| 丛书名: | 华人纵横天下 | |
| 单 册: | ||
| 中图分类: | K837.127 | |
| 科图分类: | ||
| 主题词: | 政治人物--zheng zhi ren wu--生平事迹--美国--现代 | |
| 电子资源: | ||
| ISBN: | 7-80188-558-9 | |
| 000 | 00991nam 2200289 450 | |
| 001 | 012007871402 | |
| 005 | 20071010152500.14 | |
| 010 | @a7-80188-558-9@dCNY30.00 (含光盘) | |
| 100 | @a20070803d2005 km y0chiy0120 ea | |
| 101 | 0 | @achi |
| 102 | @aCN@b110000 | |
| 105 | @aacf z 000yb | |
| 200 | 1 | @a赵小兰@Azhao xiao lan |
| 210 | @a北京@c现代出版社@d2005.08 | |
| 215 | @a190页, [2] 叶图版@c图, 肖像@d24cm@e光盘1片 | |
| 225 | 2 | @a华人纵横天下@Ahua ren zong heng tian xia |
| 312 | @a英文并列题名取自封面。 | |
| 314 | @a封面题: 张克荣编著。 | |
| 330 | @a本书记录了华裔美国劳工部长赵小兰的精彩人生。具体内容有:我选择的不是无聊的政府、生活是一次伟大的冒险、屡次解决美国的重大危机等。 | |
| 410 | 0 | @12001 @a华人纵横天下 |
| 510 | 1 | @aElaine Chao@zeng |
| 600 | 0 | @a赵小兰@Azhao xiao lan@x生平事迹 |
| 606 | 0 | @a政治人物@Azheng zhi ren wu@x生平事迹@y美国@z现代 |
| 690 | @aK837.127@v4 | |
| 701 | 0 | @a张克荣@Azhang ke rong@4编著 |
| 801 | 0 | @aCN@c20071010 |
| 905 | @dK837.127@eZ333 | |
| 赵小兰.-北京:现代出版社,2005.08 |
| 190页, [2] 叶图版:图, 肖像;24cm+光盘1片.-(华人纵横天下) |
| ISBN 7-80188-558-9:CNY30.00 (含光盘) |
| 本书记录了华裔美国劳工部长赵小兰的精彩人生。具体内容有:我选择的不是无聊的政府、生活是一次伟大的冒险、屡次解决美国的重大危机等。 |
| ● |
| 相关链接 |
|
|
|
正题名:赵小兰
索取号:K837.127/Z333
 
预约/预借
| 序号 | 登录号 | 条形码 | 馆藏地/架位号 | 状态 | 备注 |
| 1 | 252011 | 202520110 | 社科库309/309社科库 6排2列2层/ [索取号:K837.127/Z333] | 在馆 | |
| 2 | 252012 | 202520129 | 社科库309/309社科库 6排2列2层/ [索取号:K837.127/Z333] | 在馆 |